000 00912cam a2200265 4500
001 J583
008 090401t1990 xxu||||| |||| 00| 0 eng d
035 _a(Sirsi) u75610
041 _aeng
050 _a711.1
110 _aNational Housing and Town Planning Council
_92348
245 _aCosts awards at planning appeals.
260 _aLondon
_bNational Housing and Town Planning Counc
_c1990
300 _aviii,42p. ; 30cm.
350 _a6
690 _aPLANNING LAW AND PRACTICE
710 _aAssociation of District Councils
_91305
710 _aAssociation of London Borough Planning Officers
_93350
710 _aAssociation of Metropolitan Authorities
_91383
710 _aBar Association for Local Government and the Public service
_92003
710 _aDistrict Planning Officers' Society
_92006
710 _aMetropolitan Planning Officers` Society
_92007
942 _n0
948 _c04/03/1997
999 _c96056
_d96056